|
|
|
|
| LEADER |
00000nam2a2200000 4500 |
| 001 |
268212 |
| 005 |
20231101234140.0 |
| 035 |
|
|
|a (RuTPU)RU\TPU\book\291344
|
| 035 |
|
|
|a RU\TPU\book\278845
|
| 090 |
|
|
|a 268212
|
| 100 |
|
|
|a 20140828d1987 k y0rusy5003 ca
|
| 101 |
0 |
|
|a rus
|
| 102 |
|
|
|a RU
|
| 105 |
|
|
|a a z 001zy
|
| 200 |
0 |
|
|a Т. 97 (XCYII) : Вопросы химии природных вод, методы их исследования
|
| 210 |
|
|
|d 1987
|
| 215 |
|
|
|a 200 с.
|c ил.
|
| 320 |
|
|
|a Библиогр. в конце статей
|
| 461 |
|
1 |
|0 (RuTPU)RU\TPU\book\210718
|t Гидрохимические материалы
|o [сборник]
|f Академия наук СССР (АН СССР), Гидрохимический институт
|v Т. 97 (XCYII) : Вопросы химии природных вод, методы их исследования
|d 1915-1992
|
| 606 |
1 |
|
|a Гидрохимия
|2 stltpush
|3 (RuTPU)RU\TPU\subj\7089
|9 34820
|
| 610 |
1 |
|
|a природные воды
|
| 610 |
1 |
|
|a химия
|
| 610 |
1 |
|
|a исследования
|
| 610 |
1 |
|
|a методы
|
| 610 |
1 |
|
|a картирование
|
| 610 |
1 |
|
|a химический состав
|
| 610 |
1 |
|
|a минеральные воды
|
| 675 |
|
|
|a 556.114
|z rus
|v 3
|
| 801 |
|
0 |
|a RU
|b 63413507
|c 19950704
|g psbo
|
| 801 |
|
1 |
|a RU
|b 63413507
|c 20091023
|
| 801 |
|
2 |
|a RU
|b 63413507
|c 20160623
|g RCR
|
| 942 |
|
|
|c BK
|